[Event "Itu LCX 19th"]
[Site "Itu"]
[Date "2010.05.20"]
[Round "6"]
[White "Freitas, Romeu Salvador"]
[Black "Dos Santos, Erickson Cristiano"]
[Result "1-0"]
[WhiteElo "2119"]
[BlackElo "1722"]
[PlyCount "77"]
[EventDate "2010.05.15"]
[EventType "tourn"]
[EventRounds "11"]
[EventCountry "BRA"]
[SourceTitle "EXT 2022"]
[Source "ChessBase"]
[SourceDate "2021.10.06"]
[SourceVersion "1"]
[SourceVersionDate "2021.10.06"]
[SourceQuality "1"]

1. e4 e5 2. Nf3 Nc6 3. Bb5 a6 4. Ba4 d6 5. d4 exd4 6. Nxd4 Bd7 7. Nxc6 Bxc6 8. Bxc6+ bxc6 9. 0-0 Be7 10. Nc3 Nf6 11. Bf4 0-0 12. e5 dxe5 13. Bxe5 Bd6 14. Bg3 Re8 15. Qf3 Qd7 16. Rad1 a5 17. Bxd6 cxd6 18. Qd3 d5 19. Rfe1 Re6 20. Na4 Rae8 21. Rxe6 Qxe6 22. Nc5 Qe5 23. c3 Ng4 24. g3 Qh5 25. h4 Ne5 26. Qf1 Nf3+ 27. Kg2 Qg4 28. Kh1 g5 29. Nd3 gxh4 30. Nf4 Re4 31. Ra1 hxg3 32. fxg3 h5 33. Qg2 h4 34. Rf1 Ng5 35. gxh4 Qxh4+ 36. Qh2 Qxh2+ 37. Kxh2 Ne6 38. Nxe6 fxe6 39. Rf2 1-0